000 00248nam a2200097Ia 4500
001 923289
005 20250826191500.0
008 250824s9999 xx 000 0 und d
245 0 _aFATİH SULTAN MEHMET
_cYAVUZ BAHADIROĞLU
260 _bPANAMA YAYINLARI
999 _c923289
_d923289